000 00371nam a2200133Ia 4500
008 220204s9999 xx 000 0 und d
082 _a632.9:633
_bMAR
100 _aMariau, Dominique
245 0 _aIntegrated pest management of tropical perennial crops
260 _aUSA
_bScientific Publishers
_c1999
650 _aPest control
650 _aTapping pests
942 _cBK
999 _c41799
_d41799